Metodika analýzy vplyvu investičného rozvoja na platobnú schopnosť podniku : Doktorandská dizertačná práca

Salvato in:
Dettagli Bibliografici
Autore principale: Jánošíková, Slávka, 1972- (Autore)
Altri autori: Sablik, Jozef, 1944- (Relatore della tesi)
Natura: Libro
Lingua:slovacco
Pubblicazione: Trnava : STU v Bratislave MtF KPIM, 2006
Soggetti:
Tags: Aggiungi Tag
Nessun Tag, puoi essere il primo ad aggiungerne!!

MARC

LEADER 00000nam a22000003a 4500
001 stu143514
005 20150617225951.8
008 070724s2006----xo------------------slo-d
040 |a STU  |b slo 
041 0 |a slo 
044 |a xo 
100 1 |a Jánošíková, Slávka,  |d 1972-  |4 aut  |u M4000  |U MTF Materiálovotechnologická fakulta  |T MTF Ústav priemyselného inžinierstva a manažmentu  |X 3448  |U M4000  |Y 84  |7 A000003448 
245 1 |a Metodika analýzy vplyvu investičného rozvoja na platobnú schopnosť podniku :  |b Doktorandská dizertačná práca 
260 |a Trnava :  |b STU v Bratislave MtF KPIM,  |c 2006 
300 |a 116 s  |c príl (autoreferát) 
500 |a Odbor: 62-90-9 Podnikový manažment 
650 7 |a investície  |2 stusub 
650 7 |a investičný rozvoj  |2 stusub 
700 1 |a Sablik, Jozef,  |d 1944-  |4 ths  |u M4000  |U MTF Materiálovotechnologická fakulta  |T MTF Ústav priemyselného inžinierstva a manažmentu  |X 324  |U M4000  |Y 84  |7 A000000324 
996 |b 284M076637  |c M*DzP-53  |l MMSKP  |s P  |a 0  |w stu143514_0001